000 00636nam a22002177a 4500
010 _aA-248439
020 _a088250728
035 _aA-248439
037 _bCen Lib / Ret
040 _aDPL
_bEn
082 _a900
_bMIL
245 _aAge of optimism /
_cedited by Alan Palmer
260 _aNew York
_bNewsweek Books
_c1974
270 _aNewsweek Books
_bNew York
300 _a159p ;
_c32cm(Hb)
490 _aMilestones of history., New series
_v8
650 _aHistory, Modern -- 19th century.
_994996
650 _aHistory, Modern.
_923231
700 _aPalmer, Aland
_9142127
942 _2ddc
_cEN
_h900
_mMIL
999 _c136321
_d136321